• 首页
  • 本馆介绍
  • 公告通知
  • 最新文献
  • 馆藏检索
  • 电子资源
  • 读者导购
  • 参考咨询
  • 我的图书馆
  • 登录
  • 详细信息显示
  • 放入我的书架
  • 预约/预借图书
  • 作者相关作品
  • 分类相关作品
  • 丛书相关作品
  • 出版社相关作品

书目信息

  • 表格格式
  • 工作单格式
  • 卡片格式
题名:
张爱玲:她比烟花寂寞
    
 
作者: 从茜 著
分册:  
出版信息: 北京   中国纺织出版社  2016
页数: 223页
开本: 23cm
丛书名:
单 册:
中图分类: I253.8 , K825.6=75
科图分类:
主题词: 传记文学--Chuan Ji Wen Xue--中国--当代 , 女作家--Nv Zuo Jia--传记--中国--现代
电子资源:
ISBN: 978-7-5180-2527-5
000 01245nam0 22002651 450
001 351388
005 20161013084204.37
010    @a978-7-5180-2527-5@dCNY35.00
100    @a20160530d2016 em y0chiy50 ea
101 0  @achi
102    @aCN@b110000
105    @ay z 000yb
106    @ar
200 1  @a张爱玲:她比烟花寂寞@AZhang Ai Ling Ta Bi Yan Hua Ji Mo@f从茜著
210    @a北京@c中国纺织出版社@d2016
215    @a223页@d23cm
330    @a人们常爱回望的民国故事,带着历史刚刚转身的温度,有着时光沉淀的微黄。不远不近,保持着恰当的距离,散着独特韵致。过滤掉社会的变革动荡,我们看到的是旖旎生姿。作为民国的临水照花人,张爱玲赢得了无数粉丝的怜惜。因为在民国的波涛岁月里,她太过绚丽。她是痴情的小女子,为爱孤注一掷,低到尘埃里;她是才华横溢的名家,笔墨翻转,刺破世俗,留下一串串婉转故事;她是孤独的旅人,奔走在时间的荒野中,冷眼睥睨世事悲喜……芬芳的故事,在笔尖以传奇的姿态传递,渗透到的你心底,又会咀嚼出怎样的滋味?
600  0 @a张爱玲@AZhang Ai Ling@f(1920-1995)@x传记
606 0  @a传记文学@AChuan Ji Wen Xue@y中国@z当代
606 0  @a女作家@ANv Zuo Jia@x传记@y中国@z现代
690    @aI253.8@v5
690    @aK825.6=75@v5
701  0 @a从茜@ACong Qian@4著
801  0 @aCN@bTANGWEI@c20160820
905    @b0894635-9@dI253.8@e898@f5
    
    张爱玲:她比烟花寂寞/从茜著.-北京:中国纺织出版社,2016
    223页;23cm
    
    
    ISBN 978-7-5180-2527-5:CNY35.00
    人们常爱回望的民国故事,带着历史刚刚转身的温度,有着时光沉淀的微黄。不远不近,保持着恰当的距离,散着独特韵致。过滤掉社会的变革动荡,我们看到的是旖旎生姿。作为民国的临水照花人,张爱玲赢得了无数粉丝的怜惜。因为在民国的波涛岁月里,她太过绚丽。她是痴情的小女子,为爱孤注一掷,低到尘埃里;她是才华横溢的名家,笔墨翻转,刺破世俗,留下一串串婉转故事;她是孤独的旅人,奔走在时间的荒野中,冷眼睥睨世事悲喜……芬芳的故事,在笔尖以传奇的姿态传递,渗透到的你心底,又会咀嚼出怎样的滋味?
●
相关链接 在E读中查询图书 在五车中查询图书 在当当中查询图书 在豆瓣中查询图书


正题名:张爱玲:她比烟花寂寞     索取号:I253.8/898         预约/预借

序号 登录号 条形码 馆藏地/架位号 状态 备注
1 0894635   208946355   第一样本阅览室/ [索取号:I253.8/898] 在馆    
2 0894636   208946364   第二借阅区/ [索取号:I253.8/898] 在馆    
3 0894637   208946373   第二借阅区/ [索取号:I253.8/898] 在馆    
4 0894638   208946382   第二借阅区/ [索取号:I253.8/898] 在馆    
5 0894639   208946391   第二借阅区/ [索取号:I253.8/898] 在馆    
唐山师范学院图书馆 欢迎您!
大连网信软件有限公司© 版权所有